Les 5 plus petites délégations des continents aux JO + JP en 2024 - Statistiques

Statistiques générales
  • Ce quiz a été pris 11 fois
  • Le résultat moyen est 18 sur 25
Statistiques - réponses
Continent Nombre de membres Pays Rang % Correct
Europe 7 Malte 4
100%
Amérique 5 Antigua-et-Barbuda | Guyana | Honduras | Suriname | Saint-Vincent-et-les-Grenadines 4
89%
Océanie 3 Micronésie | Palaos 3
89%
Europe 6 Monaco 3
89%
Europe 2 Andorre 1
78%
Afrique 3 Eswatini | Guinée Equatoriale | Seychelles | Soudan 2
78%
Océanie 4 Kiribati | Marshall 4
78%
Asie 5 Laos | Timor oriental | Yémen 3
78%
Afrique 5 Lesotho | Malawi | Sierra Leone 3
78%
Europe 8 Macédoine | Albanie 5
78%
Océanie 1 Nauru 1
78%
Amérique 3 Saint-Christophe-et-Niévès 2
78%
Amérique 4 Sainte-Lucie | Bolivie | Dominique 3
78%
Europe 5 Saint-Marin 2
78%
Océanie 5 Tonga 5
78%
Océanie 2 Tuvalu 2
78%
Amérique 6 Barbade 5
67%
Afrique 6 Centrafrique | Congo | Togo 5
67%
Afrique 4 Comores | Sao Tomé-et-Principe 3
67%
Asie 7 Syrie | Bangladesh | Afghanistan | Maldives 5
67%
Amérique 1 Belize 1
56%
Asie 4 Bhoutan | Cambodge 2
56%
Asie 3 Birmanie | Brunei 1
56%
Asie 6 Oman 4
56%
Afrique 2 Somalie | Mauritanie | Tchad 1
56%
Aucun quiz correspondant
Distribution des résultats
% des personnes avec chaque résultat
Percentile par nombre de réponses
Votre historique - résultats
Vous n’avez pas pris ce quiz